| 000 | 02034nam0a2200409 4500 | ||
|---|---|---|---|
| 001 | RU\NLR\bibl\1002238 | ||
| 005 | 20260405073341.0 | ||
| 010 |
_a5-699-17968-2 _94000 |
||
| 021 |
_aRU _b2006-57414 _92840 |
||
| 035 | _aRSL-KNO-002479227 | ||
| 035 | _a(NLR Aleph) 000989944 | ||
| 090 |
_a512490 _c512490 |
||
| 100 | _a20060926d2006 |||y0rusy50 ca | ||
| 101 | 0 |
_arus _ager |
|
| 102 | _aRU | ||
| 105 | _ay ||||||||| | ||
| 200 | 1 |
_aНемецко-русский, русско-немецкий словарь _dDeutch-russisches, russisch-deutsches Wörterbuch _eоколо 20000 слов и словосочетаний _fВладимир Байков _zeng |
|
| 210 |
_aМосква _cЭксмо _d2006 |
||
| 215 |
_a524, [1] с. _d21 |
||
| 225 | 1 | _aШкольные словари | |
| 300 | _aАвт. также на англ. яз.: Wladimir Baikow | ||
| 510 | 1 |
_6z11790 _aDeutch-russisches, russisch-deutsches Wörterbuch _zeng |
|
| 606 | 0 |
_aНемецкий язык _xСловари _xРусский язык _91696762 _3RU\NLR\auth\66754878 |
|
| 606 | 0 |
_aРусский язык _xСловари _xНемецкий язык _91537828 _3RU\NLR\auth\66971516 |
|
| 610 | 0 | _aФилологические науки. Художественная литература -- Языкознание -- Индоевропейские языки -- Германские языки -- Западногерманские языки -- Немецкий язык -- Лексикография -- Параллельные словари | |
| 686 |
_aШ143.24-48 _2rubbk |
||
| 686 | _aШ143.24-491перев | ||
| 686 | _aШ141.12-491перев | ||
| 700 | 1 |
_4070 _8rus _7ca _aБайков _bВ. Д. _gВладимир Дмитриевич _3RU\NLR\auth\7725578 _98625 |
|
| 790 | 1 |
_4070 _8rus _7ba _aBajkov _bV. D. _gVladimir Dmitrievič _3RU\NLR\auth\7725579 _98626 |
|
| 801 | 0 |
_aRU _bRuMoRKP _c20040921 _grcr |
|
| 801 | 1 |
_aRU _bRuMoRGB _c20040921 |
|
| 801 | 2 |
_aRU _bNLR _c20050315 _gPSBO |
|
| 942 | _cBOOK | ||
| 980 | _aNB | ||